Statistiques concernant Les préfectures des 13 départements composant l'Occitanie

Cliquez ici pour prendre le quiz!

Statistiques générales

  • Ce quiz a été pris 225 fois
  • Le résultat moyen est 11 sur 13

Statistiques - réponses

DépartementPréfecture% Correct
31Toulouse
98%
34Montpellier
96%
66Perpignan
94%
11Carcassonne
88%
12Rodez
88%
30Nîmes
87%
81Albi
86%
09Foix
85%
65Tarbes
83%
32Auch
81%
82Montauban
79%
48Mende
78%
46Cahors
77%

Distribution des résultats

Percentile par nombre de réponses

% des personnes avec chaque résultat

Votre développement - résultats

Vous n’avez pas pris ce quiz